LIBRARY & INFORMATION CENTRE, KCAET, TAVANUR

ONLINE PUBLIC ACCESS CATALOGUE (OPAC)

Fundamentals of garden designing / (Record no. 15430)

MARC details
000 -LEADER
fixed length control field 00298nam a22001217a 4500
020 ## - INTERNATIONAL STANDARD BOOK NUMBER
ISBN 9789381450307
082 ## - DEWEY DECIMAL CLASSIFICATION NUMBER
Classification number 624
Item number ROY/FU
100 ## - MAIN ENTRY--AUTHOR NAME
Personal name Roy R.K
245 ## - TITLE STATEMENT
Title Fundamentals of garden designing /
260 ## - PUBLICATION, DISTRIBUTION, ETC. (IMPRINT)
Place of publication New delhi;
Name of publisher New india publishing agency ,
Year of publication 2013
300 ## - PHYSICAL DESCRIPTION
Number of Pages 699.
942 ## - ADDED ENTRY ELEMENTS (KOHA)
Koha item type Books

No items available.

free website counter